[Event "Elit(Limhamn-Vasteras)"]
[Site "?"]
[Date "2023.10.15"]
[Round "3"]
[White "Penalver, Osmani"]
[Black "Vaarala, Eric"]
[Result "1-0"]
[WhiteElo "2294"]
[BlackElo "2293"]
[PlyCount "103"]
[EventDate "2021.02.07"]
[SourceVersionDate "2023.10.29"]

1. d4 d5 2. c4 c6 3. Nf3 e6 4. Nc3 f5 5. g3 Nf6 6. Bg2 Be7 7. O-O O-O 8. b3 Ne4
9. Bb2 Nd7 10. e3 Nxc3 11. Bxc3 b6 12. Qd3 Ba6 13. Rfd1 Rc8 14. Rac1 Bd6 15.
Bb2 Qe7 16. Qb1 g5 17. Bf1 Bb7 18. Ne5 Nxe5 19. dxe5 Bb8 20. f4 h5 21. c5 Rf7
22. b4 Rg7 23. Kf2 h4 24. Bd4 Bc7 25. Bd3 Bd8 26. Rg1 g4 27. Qc2 Qf8 28. a4 Be7
29. a5 b5 30. a6 Ba8 31. Qa2 Qf7 32. gxh4 Qh5 33. Kf1 Qxh4 34. Qf2 Qxf2+ 35.
Kxf2 Rh7 36. Rg2 Rh3 37. Rh1 Kf7 38. Bf1 Rch8 39. Kg1 R8h7 40. Rc2 R3h6 41. h3
Bh4 42. Bxb5 cxb5 43. c6 Bxc6 44. Rxc6 Ke8 45. Rc8+ Bd8 46. Ra8 gxh3 47. Bxa7
h2+ 48. Kf2 Kd7 49. Bc5 Rh8 50. Kf1 Bc7 51. Rxh8 Rxh8 52. a7 1-0

[Event "Elit(Stockholms SS-Eksjo)"]
[Site "?"]
[Date "2023.10.15"]
[Round "3"]
[White "Renman, Nils-Gustaf"]
[Black "Rajcevski, Dejan"]
[Result "1-0"]
[WhiteElo "2324"]
[BlackElo "2105"]
[PlyCount "113"]
[EventDate "2021.02.07"]
[SourceVersionDate "2023.10.29"]

1. d4 Nf6 2. c4 e6 3. Nf3 d5 4. Nc3 Be7 5. Bg5 O-O 6. e3 Nbd7 7. Qc2 a6 8. c5
Re8 9. Bd3 Nf8 10. b4 c6 11. Rb1 Ng6 12. h4 Nd7 13. Bf4 f5 14. h5 Nxf4 15. exf4
Nf6 16. Ne2 Ng4 17. Ne5 Nxe5 18. dxe5 b6 19. Nd4 Bd7 20. O-O bxc5 21. bxc5 Qa5
22. Rb7 Qxc5 23. Qxc5 Bxc5 24. Nb3 Bc8 25. Nxc5 Bxb7 26. Nxb7 Reb8 27. Nc5 Kf7
28. Rc1 Ke7 29. Nb3 Kd7 30. Na5 Rb6 31. Rc5 Kc7 32. g3 Rab8 33. Kg2 Kd7 34. Kf3
Rc8 35. Nb3 Ra8 36. Ra5 Kc7 37. Nc5 Rb2 38. Nxe6+ Kb6 39. Ra3 g6 40. h6 c5 41.
Rb3+ Rxb3 42. axb3 a5 43. Ng5 Ra7 44. Ke3 a4 45. bxa4 c4 46. Bc2 Kc6 47. Kd4
Rb7 48. Kc3 Re7 49. Nf3 Kc5 50. Nd4 Re8 51. f3 Re7 52. e6 Rb7 53. g4 fxg4 54.
fxg4 Kd6 55. f5 gxf5 56. gxf5 Ke7 57. Nc6+ 1-0

[Event "Elit(Vaxjo-Rockaden,Sthlm)"]
[Site "?"]
[Date "2023.10.15"]
[Round "3"]
[White "Bator, Robert"]
[Black "Lindborg, Patrik"]
[Result "1-0"]
[WhiteElo "2342"]
[BlackElo "2179"]
[PlyCount "83"]
[EventDate "2021.02.07"]
[SourceVersionDate "2023.10.28"]

1. e4 c5 2. Nf3 e6 3. c3 d5 4. exd5 Qxd5 5. d4 Nc6 6. Be2 Nf6 7. O-O Be7 8. c4
Qf5 9. Bd3 Qh5 10. Be2 Qf5 11. Nc3 Nxd4 12. Nxd4 cxd4 13. Qxd4 O-O 14. Qf4 e5
15. Qxf5 Bxf5 16. Be3 a6 17. h3 Rac8 18. Na4 Be6 19. Rac1 Nd7 20. a3 f5 21. Nb6
Nxb6 22. Bxb6 Bf6 23. b4 e4 24. a4 f4 25. Rfd1 f3 26. gxf3 exf3 27. Bf1 Be7 28.
c5 Rf6 29. Rc3 Bf7 30. Re3 Re6 31. Rd7 Rxe3 32. fxe3 Bh4 33. Kh2 Rc6 34. Rxb7
Rg6 35. Rb8+ Be8 36. Rxe8+ Kf7 37. Re4 Bg3+ 38. Kh1 h5 39. Bc4+ Kf8 40. c6 Bd6
41. c7 f2 42. c8=Q# 1-0

[Event "Elit(Limhamn-Vasteras)"]
[Site "?"]
[Date "2023.10.15"]
[Round "3"]
[White "Janse, Love"]
[Black "Helgason, Reynir"]
[Result "1/2-1/2"]
[WhiteElo "2221"]
[BlackElo "2288"]
[PlyCount "119"]
[EventDate "2021.02.07"]
[SourceVersionDate "2023.10.29"]

1. e4 c5 2. Nc3 Nc6 3. f4 e6 4. Nf3 d5 5. Bb5 Nf6 6. Qe2 Be7 7. O-O O-O 8. e5
Nd7 9. Bxc6 bxc6 10. b3 a5 11. d3 c4 12. bxc4 dxc4 13. d4 Nb6 14. Rd1 Qc7 15.
Ng5 Nd5 16. Qxc4 Ba6 17. Nxd5 exd5 18. Qc3 h6 19. Nf3 Bb4 20. Qe3 c5 21. Ba3
Rfc8 22. dxc5 Qxc5 23. Qxc5 Rxc5 24. Bxb4 axb4 25. a3 b3 26. cxb3 Be2 27. Rdc1
Rxc1+ 28. Rxc1 Rxa3 29. Rb1 Bxf3 30. gxf3 Ra5 31. b4 Rb5 32. Kf2 f6 33. Ke3 Kf7
34. Kd4 Ke6 35. Rb2 Kf5 36. Rb1 Ke6 37. Rb3 Kf5 38. Rb2 Ke6 39. Rb1 Kf5 40. Re1
Ke6 41. f5+ Ke7 42. Rb1 fxe5+ 43. Kxe5 Kd7 44. h4 d4+ 45. Kxd4 Rxf5 46. Rg1 g5
47. hxg5 hxg5 48. Rg3 Rf4+ 49. Kc5 Kc7 50. Kb5 Kb7 51. Ka5 Rf5+ 52. b5 Rf4 53.
Rxg5 Rxf3 54. Rg7+ Kb8 55. Rg6 Kb7 56. Rg7+ Kb8 57. Ka6 Rf6+ 58. b6 Rf8 59.
Rb7+ Ka8 60. Ra7+ 1/2-1/2

[Event "Elit(Stockholms SS-Eksjo)"]
[Site "?"]
[Date "2023.10.15"]
[Round "3"]
[White "Malesevic, Nedeljko"]
[Black "Tuomainen, Felix"]
[Result "1-0"]
[WhiteElo "2206"]
[BlackElo "2182"]
[PlyCount "99"]
[EventDate "2021.02.07"]
[SourceVersionDate "2023.10.29"]

1. d4 Nf6 2. c4 c5 3. d5 b5 4. cxb5 a6 5. b6 Qxb6 6. Nc3 d6 7. e4 g6 8. Be2 Bg7
9. Nf3 O-O 10. Nd2 Nbd7 11. Nc4 Qc7 12. O-O Nb6 13. Ne3 Bb7 14. a4 e6 15. a5
Nbd7 16. Nc4 exd5 17. exd5 Ne5 18. Nb6 Rae8 19. Ra3 Ned7 20. Nc4 Rxe2 21. Qxe2
Nxd5 22. Nxd5 Bxd5 23. Rd1 Qc6 24. Bf4 Nf6 25. Ne3 Re8 26. Qd2 Be6 27. Qxd6 Qb5
28. Qb6 Qe2 29. Rad3 Ne4 30. Bg3 Nxg3 31. hxg3 c4 32. Rd8 Rf8 33. Qb4 Qh5 34.
Rxf8+ Bxf8 35. Rd8 Qh6 36. Qd6 Qg7 37. Rb8 h5 38. Nf1 Bf5 39. Nd2 Bd3 40. Nf3
Bf5 41. Ne5 Qh6 42. Nxc4 h4 43. gxh4 Be6 44. Ne3 Qg7 45. Nc2 Bc4 46. Nd4 Qh6
47. b3 Bd3 48. Nf3 Bc2 49. b4 Be4 50. Ng5 1-0

[Event "Elit(Vaxjo-Rockaden,Sthlm)"]
[Site "?"]
[Date "2023.10.15"]
[Round "3"]
[White "Sevastianov, Andrii"]
[Black "Kenneskog, Theodor"]
[Result "0-1"]
[WhiteElo "2181"]
[BlackElo "2335"]
[PlyCount "58"]
[EventDate "2021.02.07"]
[SourceVersionDate "2023.10.28"]

1. d4 Nf6 2. c4 e6 3. Bf4 Bb4+ 4. Nd2 c5 5. a3 Bxd2+ 6. Qxd2 cxd4 7. Bxb8 Rxb8
8. Qxd4 b6 9. e4 d6 10. Rd1 e5 11. Qd3 Be6 12. Ne2 Rc8 13. b3 Ke7 14. Nc3 a6
15. a4 Qc7 16. Be2 Rhd8 17. O-O Kf8 18. Rd2 Qc5 19. Kh1 Qb4 20. Na2 Qc5 21. Nc3
Qb4 22. Bd1 Rxc4 23. Na2 Qc5 24. Re2 Rd4 25. Qxa6 Nxe4 26. Rc2 Rxd1 27. Rxc5
Rxf1+ 28. Qxf1 dxc5 29. h3 Rd1 0-1

[Event "Elit(Limhamn-Vasteras)"]
[Site "?"]
[Date "2023.10.15"]
[Round "3"]
[White "Schneider, Stefan"]
[Black "Kretz, Johan"]
[Result "1/2-1/2"]
[WhiteElo "2378"]
[BlackElo "2164"]
[PlyCount "126"]
[EventDate "2021.02.07"]
[SourceVersionDate "2023.10.29"]

1. d4 Nf6 2. Nf3 e6 3. c4 Bb4+ 4. Bd2 Qe7 5. g3 Nc6 6. Nc3 d5 7. cxd5 exd5 8.
Bg2 Bg4 9. O-O O-O-O 10. Qa4 Ne4 11. Be1 Bxc3 12. bxc3 f6 13. c4 dxc4 14. Qxc4
Nd6 15. Qd3 Bf5 16. Qd1 Be4 17. e3 Qf7 18. Nh4 Bxg2 19. Nxg2 f5 20. Qb3 Qxb3
21. axb3 g5 22. Rc1 Ne7 23. Bb4 Nd5 24. Bxd6 Rxd6 25. Rc5 b6 26. Rc4 a5 27.
Rfc1 Kb7 28. Ne1 Re8 29. Nd3 Re7 30. Ne5 f4 31. exf4 gxf4 32. g4 Rde6 33. Kg2
c5 34. Nf3 Re2 35. Kf1 Nb4 36. dxc5 Nd3 37. c6+ Kc7 38. R1c2 Rxc2 39. Rxc2 Nc5
40. Nd4 Re4 41. Rc4 f3 42. g5 Kc8 43. Nxf3 Rxc4 44. bxc4 a4 45. Nd4 a3 46. Nc2
a2 47. h4 Ne6 48. Kg2 Kc7 49. Kg3 Nd4 50. Na1 Kxc6 51. h5 Kd6 52. h6 Ke6 53. g6
Nf5+ 54. Kf4 Nxh6 55. gxh7 Nf7 56. Ke3 Kf6 57. Kd4 Kg7 58. Kd5 Kxh7 59. Kc6 Kg6
60. Kxb6 Ne5 61. Kb5 Kf5 62. Kb4 Ke4 63. Kb3 Nxc4 1/2-1/2

[Event "Elit(Stockholms SS-Eksjo)"]
[Site "?"]
[Date "2023.10.15"]
[Round "3"]
[White "Cederstam, Carl"]
[Black "Thornert, Hakan"]
[Result "1/2-1/2"]
[WhiteElo "2232"]
[BlackElo "2157"]
[PlyCount "75"]
[EventDate "2021.02.07"]
[SourceVersionDate "2023.10.29"]

1. c4 e5 2. Nc3 Nf6 3. Nf3 Nc6 4. g3 d5 5. cxd5 Nxd5 6. Bg2 Nb6 7. O-O Be7 8.
b3 O-O 9. Bb2 f5 10. Rc1 Bf6 11. e4 Nb4 12. Ne1 f4 13. a3 Nc6 14. Nd5 Be6 15.
d4 Nxd5 16. dxe5 Bxe5 17. Bxe5 Nxe5 18. exd5 Bg4 19. Qd4 Qd6 20. f3 Be6 21. Rd1
Rad8 22. Qxa7 Bxd5 23. gxf4 Rxf4 24. Qe3 Qf6 25. Nd3 Nxd3 26. Rxd3 c6 27. Qb6
Rf8 28. Qxb7 Qg6 29. Rxd5 cxd5 30. Qxd5+ Kh8 31. Qc5 Rd8 32. b4 Rfd4 33. f4 Rd2
34. Qg5 Qb6+ 35. Qc5 Qg6 36. Qg5 Qb6+ 37. Qc5 Qg6 38. Qg5 1/2-1/2

[Event "Elit(Wasa-Kungstornet)"]
[Site "?"]
[Date "2023.10.15"]
[Round "3"]
[White "Cicak, Slavko"]
[Black "Meshkovs, Nikita"]
[Result "1/2-1/2"]
[WhiteElo "2487"]
[BlackElo "2540"]
[PlyCount "23"]
[EventDate "2021.02.07"]
[SourceVersionDate "2023.10.29"]

1. c4 Nf6 2. Nf3 e6 3. b3 b6 4. g3 Bb7 5. Bg2 d5 6. cxd5 exd5 7. Bb2 Nbd7 8.
O-O Be7 9. d3 O-O 10. Nc3 Re8 11. Qc2 Bf8 12. Rad1 1/2-1/2

[Event "Elit(Orgryte-LASK)"]
[Site "?"]
[Date "2023.10.15"]
[Round "3"]
[White "Pantzar, Milton"]
[Black "Torngren, Gustav"]
[Result "1-0"]
[WhiteElo "2453"]
[BlackElo "2306"]
[PlyCount "85"]
[EventDate "2021.02.07"]
[SourceVersionDate "2023.10.29"]

1. d4 Nf6 2. Nf3 e6 3. c4 a6 4. Nc3 d5 5. c5 Nc6 6. Bf4 Ne4 7. h3 g5 8. Bh2 Bg7
9. e3 h5 10. Nxe4 dxe4 11. Nd2 e5 12. dxe5 Bf5 13. Qa4 Qd5 14. Nb3 Rd8 15. Be2
O-O 16. Rd1 Qe6 17. Nd4 Nxd4 18. exd4 h4 19. O-O g4 20. hxg4 Bxg4 21. Bxg4 Qxg4
22. Qb3 Rfe8 23. Rfe1 Re6 24. Qh3 Qh5 25. g4 Qg5 26. d5 Rg6 27. Rxe4 f5 28.
exf6 Bxf6 29. Bxc7 Rd7 30. Bd6 Kh7 31. Kh2 Bxb2 32. Bf4 Qxg4 33. Qxg4 Rxg4 34.
Kh3 Rg6 35. Kxh4 Kg8 36. Bg5 Bf6 37. f4 Rh7+ 38. Kg4 Rhg7 39. Re6 Kf7 40. Kf5
Rxg5+ 41. fxg5 Rxg5+ 42. Kf4 Rg2 43. Rb6 1-0

[Event "Elit(Wasa-Kungstornet)"]
[Site "?"]
[Date "2023.10.15"]
[Round "3"]
[White "Amin, Bassem"]
[Black "Aronsson, Marten"]
[Result "1-0"]
[WhiteElo "2682"]
[BlackElo "2256"]
[PlyCount "55"]
[EventDate "2021.02.07"]
[SourceVersionDate "2023.10.29"]

1. Nf3 d5 2. g3 Nf6 3. Bg2 Bg4 4. c4 c6 5. Ne5 Be6 6. cxd5 Bxd5 7. Nf3 Nbd7 8.
Nc3 Bxf3 9. Bxf3 e6 10. d4 Bd6 11. O-O Qc7 12. Bg2 O-O 13. f4 Rfd8 14. e4 e5
15. fxe5 Nxe5 16. Qb3 Neg4 17. e5 Bxe5 18. dxe5 Qxe5 19. Qc2 Nxh2 20. Rxf6 Qxf6
21. Kxh2 h5 22. Ne4 Qg6 23. Bf4 Rd4 24. Re1 Rad8 25. Re2 h4 26. gxh4 Qg4 27.
Bg5 f6 28. Nxf6+ 1-0

[Event "Elit(Orgryte-LASK)"]
[Site "?"]
[Date "2023.10.15"]
[Round "3"]
[White "Frisk Kockum, Anton"]
[Black "Storme, Isak"]
[Result "1/2-1/2"]
[WhiteElo "2324"]
[BlackElo "2443"]
[PlyCount "81"]
[EventDate "2021.02.07"]
[SourceVersionDate "2023.10.29"]

1. d4 Nf6 2. c4 e6 3. Nf3 d5 4. Nc3 Bb4 5. Bg5 h6 6. Bxf6 Qxf6 7. Qa4+ Nc6 8.
e3 O-O 9. cxd5 exd5 10. Be2 Rd8 11. O-O Bf8 12. Rac1 a6 13. Qd1 Ne7 14. Na4 c6
15. Nb6 Rb8 16. Nxc8 Rbxc8 17. b4 Nf5 18. Qb3 Bd6 19. a4 Qe7 20. Bd3 Nh4 21.
Nxh4 Qxh4 22. g3 Qe7 23. Bf5 Ra8 24. b5 axb5 25. axb5 c5 26. dxc5 Bxc5 27. Bb1
b6 28. Rcd1 d4 29. e4 Ra3 30. Qc4 h5 31. Qe2 Qg5 32. Bd3 Re8 33. Ra1 Rea8 34.
Rxa3 Rxa3 35. e5 Qg4 36. Rd1 Qxe2 37. Bxe2 g6 38. Bc4 Kf8 39. Kf1 Ke7 40. Rd3
Rxd3 41. Bxd3 1/2-1/2

[Event "Elit(Wasa-Kungstornet)"]
[Site "?"]
[Date "2023.10.15"]
[Round "3"]
[White "Henriksson, Johan"]
[Black "Cramling, Pia"]
[Result "1/2-1/2"]
[WhiteElo "2262"]
[BlackElo "2452"]
[PlyCount "60"]
[EventDate "2021.02.07"]
[SourceVersionDate "2023.10.29"]

1. d4 Nf6 2. c4 e6 3. g3 d5 4. Nf3 Bb4+ 5. Bd2 a5 6. Bg2 c6 7. O-O O-O 8. Qb3
Be7 9. Rd1 Nbd7 10. Bf4 b6 11. Ne5 Nxe5 12. Bxe5 Ba6 13. cxd5 cxd5 14. Nc3 a4
15. Qc2 a3 16. Bxf6 Bxf6 17. bxa3 Be7 18. a4 Rc8 19. Qb2 Rc4 20. e3 Bb4 21.
Rac1 Bxc3 22. Rxc3 Rxa4 23. Rc6 Bc4 24. Qxb6 Qxb6 25. Rxb6 Rxa2 26. Bf1 Bxf1
27. Rxf1 Rc8 28. Rfb1 g6 29. Rb8 Rxb8 30. Rxb8+ Kg7 1/2-1/2

[Event "Elit(Orgryte-LASK)"]
[Site "?"]
[Date "2023.10.15"]
[Round "3"]
[White "Hansen, Sune Berg"]
[Black "Olsson, William"]
[Result "1/2-1/2"]
[WhiteElo "2512"]
[BlackElo "2376"]
[PlyCount "47"]
[EventDate "2021.02.07"]
[SourceVersionDate "2023.10.29"]

1. c4 Nf6 2. Nf3 c6 3. g3 d5 4. Bg2 dxc4 5. O-O Nbd7 6. Na3 Nb6 7. Qc2 Be6 8.
Ne5 h5 9. Naxc4 Nxc4 10. Nxc4 h4 11. Ne5 hxg3 12. hxg3 Qd4 13. Qc3 Qd6 14. d4
Rd8 15. Qc2 Qxd4 16. Bf4 Qb6 17. Rfd1 g6 18. Be3 Qc7 19. Rxd8+ Qxd8 20. Rd1 Qc8
21. Bxa7 Bg7 22. Bd4 O-O 23. Nf3 Bd5 24. b3 1/2-1/2

[Event "Elit(Wasa-Kungstornet)"]
[Site "?"]
[Date "2023.10.15"]
[Round "3"]
[White "Wedberg, Tom"]
[Black "Lyrberg, Patrik"]
[Result "0-1"]
[WhiteElo "2377"]
[BlackElo "2446"]
[PlyCount "98"]
[EventDate "2021.02.07"]
[SourceVersionDate "2023.10.29"]

1. e4 Nf6 2. e5 Nd5 3. d4 Nb6 4. a4 a5 5. Nf3 d5 6. h3 Bf5 7. Bd3 Bxd3 8. Qxd3
e6 9. O-O Be7 10. b3 O-O 11. Ba3 c5 12. Bxc5 Bxc5 13. dxc5 N6d7 14. Nc3 Nc6 15.
Qe2 f6 16. exf6 Qxf6 17. Nb5 Nxc5 18. Rad1 Rad8 19. Qe3 b6 20. Nbd4 Ne7 21. Qe5
Ng6 22. Qxf6 gxf6 23. Rfe1 Rfe8 24. g3 Kf7 25. Re2 Ne7 26. Nb5 e5 27. Kg2 Rg8
28. Kf1 Rd7 29. Ne1 h5 30. Ng2 d4 31. Nh4 Rgd8 32. Rb1 Nc6 33. Rd2 d3 34. c3
Na7 35. Nxa7 Rxa7 36. f3 Ke6 37. Ng2 f5 38. Kf2 Kf6 39. b4 Nxa4 40. bxa5 bxa5
41. Ke3 Nxc3 42. Rb6+ Ke7 43. Rh6 Nd5+ 44. Kxd3 Nf4+ 45. Ke3 Rxd2 46. Nxf4 Rdd7
47. Nd5+ Kf8 48. Nb6 Kg7 49. Rc6 Ra6 0-1

[Event "Elit(Orgryte-LASK)"]
[Site "?"]
[Date "2023.10.15"]
[Round "3"]
[White "Kumar, Rahul"]
[Black "Holm, Kristian Stuvik"]
[Result "1/2-1/2"]
[WhiteElo "2215"]
[BlackElo "2488"]
[PlyCount "56"]
[EventDate "2021.02.07"]
[SourceVersionDate "2023.10.29"]

1. Nf3 Nf6 2. d4 g6 3. e3 Bg7 4. Bd3 O-O 5. O-O d6 6. Nbd2 Nc6 7. Re1 e5 8. c3
Nh5 9. d5 Ne7 10. e4 f5 11. exf5 Nf4 12. Bc4 gxf5 13. Nf1 Neg6 14. Ng3 Kh8 15.
Ne2 Nxe2+ 16. Bxe2 Bf6 17. Kh1 Bd7 18. Qb3 Rb8 19. Bd2 c5 20. dxc6 bxc6 21. Qa3
c5 22. Bh6 Re8 23. Rad1 Bc6 24. Qxa7 Rb7 25. Qa6 Qc7 26. Ng5 Ra7 27. Qc4 Qe7
28. Nf7+ Qxf7 1/2-1/2

[Event "Elit(Wasa-Kungstornet)"]
[Site "?"]
[Date "2023.10.15"]
[Round "3"]
[White "Couso, Luis"]
[Black "Bellon Lopez, Juan"]
[Result "1/2-1/2"]
[WhiteElo "2248"]
[BlackElo "2270"]
[PlyCount "115"]
[EventDate "2021.02.07"]
[SourceVersionDate "2023.10.29"]

1. e4 c5 2. Nf3 Nc6 3. d4 cxd4 4. Nxd4 Nf6 5. Nc3 e5 6. Ndb5 h6 7. Nd6+ Bxd6 8.
Qxd6 Qe7 9. Qxe7+ Kxe7 10. Be3 d6 11. h3 Be6 12. O-O-O a6 13. f4 exf4 14. Bxf4
Ne5 15. Be2 Rac8 16. Rd4 Rc6 17. Rb4 b5 18. a4 bxa4 19. Rxa4 Nfd7 20. Rd1 Nc5
21. Ra3 Rhc8 22. Rd4 g5 23. Bg3 Nb3+ 24. cxb3 Rxc3+ 25. bxc3 Rxc3+ 26. Kd2 Rxg3
27. Bf1 a5 28. Rda4 Nc6 29. b4 Rxa3 30. Rxa3 axb4 31. Ra6 Ne5 32. Rb6 Nc4+ 33.
Bxc4 Bxc4 34. Ke3 b3 35. g3 Kd7 36. Kd4 Kc7 37. Rb4 Be6 38. h4 gxh4 39. gxh4 h5
40. Kc3 Kc6 41. Rb8 f5 42. exf5 Bxf5 43. Rxb3 Kd5 44. Rb4 Ke5 45. Kd2 d5 46.
Ke3 Be4 47. Rd4 Kf5 48. Rb4 Kg4 49. Rxe4+ dxe4 50. Kxe4 Kxh4 51. Kf3 Kh3 52.
Kf2 Kh2 53. Kf1 h4 54. Kf2 h3 55. Kf1 Kg3 56. Kg1 h2+ 57. Kh1 Kf2 58. Kxh2
1/2-1/2

[Event "Elit(Orgryte-LASK)"]
[Site "?"]
[Date "2023.10.15"]
[Round "3"]
[White "Smith, Axel"]
[Black "Anderzen, Robert"]
[Result "1-0"]
[WhiteElo "2412"]
[BlackElo "2112"]
[PlyCount "63"]
[EventDate "2021.02.07"]
[SourceVersionDate "2023.10.29"]

1. d4 Nf6 2. Bg5 g6 3. Bxf6 exf6 4. e3 Bg7 5. g3 O-O 6. Bg2 d6 7. Ne2 Nd7 8.
O-O f5 9. c4 Nf6 10. Nbc3 Re8 11. Qd3 c6 12. b4 a6 13. a4 Bd7 14. Rab1 Qc7 15.
Rb3 a5 16. b5 Reb8 17. Rfb1 Bf8 18. R1b2 Be6 19. Nf4 c5 20. b6 Qe7 21. Nb5 Rc8
22. Nc7 Rab8 23. Rb5 g5 24. Nfxe6 fxe6 25. Rxa5 f4 26. exf4 gxf4 27. Re2 Rxc7
28. bxc7 Qxc7 29. Rb5 e5 30. Qf5 Bg7 31. dxe5 dxe5 32. Qxe5 1-0

[Event "Elit(Vasteras-Kungstornet)"]
[Site "?"]
[Date "2023.10.14"]
[Round "2"]
[White "Vaarala, Eric"]
[Black "Andersson, Fredrik"]
[Result "1-0"]
[WhiteElo "2293"]
[BlackElo "2245"]
[PlyCount "71"]
[EventDate "2021.02.07"]
[SourceVersionDate "2023.10.23"]

1. d4 d5 2. c4 e6 3. Nf3 Nf6 4. Nc3 Be7 5. e3 O-O 6. Be2 dxc4 7. Bxc4 c5 8. O-O
cxd4 9. exd4 Nc6 10. Be3 Nb4 11. Qe2 b6 12. Rfe1 Bb7 13. Ne5 Nbd5 14. Bd2 Rc8
15. Rac1 Nxc3 16. bxc3 Ba3 17. Rcd1 Nd5 18. Qg4 Rc7 19. Qh3 g6 20. Bf1 Nf6 21.
c4 Bd6 22. Bg5 Re8 23. c5 Be7 24. Nxf7 Kxf7 25. Qxe6+ Kg7 26. Bxf6+ Bxf6 27.
Qxe8 Qxe8 28. Rxe8 bxc5 29. dxc5 Be7 30. c6 Bxc6 31. Rc1 Kf7 32. Rh8 Kg7 33.
Rb8 Bg5 34. Rc2 Kf7 35. Bb5 Rd7 36. Rxc6 1-0

[Event "Elit(LASK-Wasa)"]
[Site "?"]
[Date "2023.10.14"]
[Round "2"]
[White "Storme, Isak"]
[Black "Ostlund, Joar"]
[Result "0-1"]
[WhiteElo "2443"]
[BlackElo "2258"]
[PlyCount "150"]
[EventDate "2021.02.07"]
[SourceVersionDate "2023.10.27"]

1. e4 e5 2. Nf3 Nc6 3. Bb5 Nf6 4. d3 Bc5 5. Ba4 O-O 6. O-O d6 7. c3 Ne7 8. Nbd2
Ng6 9. d4 Bb6 10. Re1 c6 11. Nf1 Bg4 12. Ng3 h6 13. h3 Bxf3 14. Qxf3 exd4 15.
Nf5 Ne5 16. Qd1 d3 17. Qd2 Re8 18. Bb3 d5 19. exd5 cxd5 20. Nxg7 Kxg7 21. Qxh6+
Kg8 22. Bg5 Bxf2+ 23. Kxf2 Qb6+ 24. Kf1 Ne4 25. Qxb6 axb6 26. Bf4 Nc4 27. Bxc4
dxc4 28. g4 Re6 29. Kg2 Rae8 30. h4 Nc5 31. Bd2 Re2+ 32. Kf3 R8e6 33. Rxe2 Rxe2
34. Be3 Rxb2 35. h5 Na4 36. Bd4 Rc2 37. Re1 f6 38. Bxf6 d2 39. Rd1 Nb2 40. Ke2
Nxd1 41. Kxd1 Rxa2 42. g5 b5 43. Ke2 Rb2 44. Be7 Kf7 45. Bc5 Kg8 46. Kd1 Ra2
47. Bd4 Kh7 48. Be5 Rb2 49. Bd6 Kg8 50. Bc5 Kf7 51. Bd4 Kg8 52. Bc5 b6 53. Bd6
Kf7 54. Ke2 Ke6 55. h6 Kf5 56. Be7 b4 57. Bxb4 Kxg5 58. Bf8 Kg6 59. Kd1 b5 60.
Bg7 Ra2 61. Ke2 d1=Q+ 62. Kxd1 Rh2 63. Ke1 Kf5 64. Kf1 Ke4 65. Kg1 Rh5 66. Kf2
Kd3 67. Kf3 Kc2 68. Ke3 Rh4 69. Kf3 Kd3 70. Kf2 b4 71. cxb4 c3 72. Kg3 Rh1 73.
b5 c2 74. Bb2 Rxh6 75. Kf4 Rb6 0-1

[Event "Elit(Eksjo-Rockaden,Sthlm)"]
[Site "?"]
[Date "2023.10.14"]
[Round "2"]
[White "Vernersson, Per"]
[Black "Wiedenkeller, Michael"]
[Result "1/2-1/2"]
[WhiteElo "2259"]
[BlackElo "2442"]
[PlyCount "50"]
[EventDate "2021.02.07"]
[SourceVersionDate "2023.10.28"]

1. Nf3 d5 2. c4 dxc4 3. e3 Nf6 4. Bxc4 e6 5. d4 c5 6. O-O a6 7. a4 Nc6 8. Qe2
Be7 9. Rd1 O-O 10. Nc3 Qc7 11. h3 b6 12. d5 exd5 13. Bxd5 Nxd5 14. Nxd5 Qb7 15.
e4 Be6 16. Bf4 Rad8 17. Bc7 Rd7 18. Bxb6 Bxd5 19. exd5 Nb4 20. Ba5 Nxd5 21. Ne5
Nf4 22. Qf3 Qxf3 23. Nxf3 Rb7 24. Rd2 Bf6 25. Rc1 Ne6 1/2-1/2

[Event "Elit(Vasteras-Kungstornet)"]
[Site "?"]
[Date "2023.10.14"]
[Round "2"]
[White "Jonsson, Mikael"]
[Black "Eriksson, Anders"]
[Result "1/2-1/2"]
[WhiteElo "2196"]
[BlackElo "2194"]
[PlyCount "88"]
[EventDate "2021.02.07"]
[SourceVersionDate "2023.10.23"]

1. e4 c6 2. d4 d5 3. Nc3 dxe4 4. Nxe4 Bf5 5. Ng5 e6 6. g4 Bg6 7. h4 h5 8. gxh5
Bxh5 9. Qd3 Ne7 10. N5f3 Nd7 11. Bg5 Bg6 12. Qb3 Qb6 13. O-O-O Qxb3 14. axb3 f6
15. Bd2 Kf7 16. Re1 Bf5 17. Bg2 Nd5 18. Ne2 Nb4 19. Bxb4 Bxb4 20. Nd2 Rae8 21.
Ng3 Bg6 22. Re2 Bd6 23. Bf3 Bf4 24. Kd1 Nb6 25. h5 Bh7 26. Be4 Rd8 27. Nf3 c5
28. Bg6+ Bxg6 29. hxg6+ Kxg6 30. Rxh8 Rxh8 31. dxc5 Rd8+ 32. Ke1 Nd7 33. Rxe6
Nxc5 34. Re7 Rd7 35. Rxd7 Nxd7 36. b4 Kf7 37. Ke2 Ke6 38. c4 Ne5 39. Nd4+ Kd7
40. Nh5 Bh6 41. b3 Nc6 42. Nf5 Nxb4 43. Nhxg7 Bc1 44. Nd4 a6 1/2-1/2

[Event "Elit(LASK-Wasa)"]
[Site "?"]
[Date "2023.10.14"]
[Round "2"]
[White "Bellon Lopez, Juan"]
[Black "Mauritsson, Sebastian"]
[Result "0-1"]
[WhiteElo "2270"]
[BlackElo "2390"]
[PlyCount "112"]
[EventDate "2021.02.07"]
[SourceVersionDate "2023.10.27"]

1. d4 d5 2. Nf3 Nf6 3. c4 c6 4. Qc2 dxc4 5. e4 b5 6. b3 cxb3 7. axb3 e6 8. Bd2
a5 9. Bd3 h6 10. O-O Bb7 11. Rc1 Bb4 12. Nc3 O-O 13. e5 Nd5 14. Nxd5 Qxd5 15.
Bxb4 axb4 16. Rxa8 Bxa8 17. Ra1 c5 18. Qxc5 Qxc5 19. dxc5 Bxf3 20. gxf3 Nc6 21.
Bxb5 Nd4 22. Ba4 Rc8 23. c6 Nxf3+ 24. Kf1 Nxe5 25. Rc1 Nd3 26. Rc2 Nf4 27. Rc4
Nd5 28. Bb5 Kf8 29. Ba6 Rc7 30. Bb7 Ke7 31. Ke2 g5 32. h4 f5 33. hxg5 hxg5 34.
f3 Kd6 35. Kd3 Rg7 36. c7 Rxc7 37. Bxd5 exd5 38. Rxb4 Ke5 39. Rb8 Kf4 40. Rd8
Rb7 41. Kc3 Rb5 42. Rg8 Rb7 43. Rg6 Rb8 44. b4 d4+ 45. Kc4 d3 46. Rd6 Kxf3 47.
Rxd3+ Ke2 48. Rd5 Rf8 49. Re5+ Kf2 50. b5 g4 51. b6 f4 52. b7 f3 53. Rb5 Rb8
54. Kd3 g3 55. Rb2+ Kg1 56. Rb1+ Kg2 0-1

[Event "Elit(Eksjo-Rockaden,Sthlm)"]
[Site "?"]
[Date "2023.10.14"]
[Round "2"]
[White "Kenneskog, Theodor"]
[Black "Malesevic, Nedeljko"]
[Result "1-0"]
[WhiteElo "2335"]
[BlackElo "2206"]
[PlyCount "45"]
[EventDate "2021.02.07"]
[SourceVersionDate "2023.10.28"]

1. e4 c6 2. d4 d5 3. e5 c5 4. c3 Nc6 5. Be2 cxd4 6. cxd4 Qb6 7. Nc3 e6 8. Nf3
Bd7 9. O-O Nge7 10. Kh1 h5 11. Bd3 f5 12. Na4 Qc7 13. Bd2 h4 14. h3 Nc8 15. Rc1
Qd8 16. Nc5 Rb8 17. b4 Be7 18. b5 Na5 19. Nxd7 Kxd7 20. Qa4 g5 21. Qxa5 g4 22.
b6 Qxb6 23. Qa4+ 1-0

[Event "Elit(Vasteras-Kungstornet)"]
[Site "?"]
[Date "2023.10.14"]
[Round "2"]
[White "Landgren, Andreas"]
[Black "Larsson, Anders"]
[Result "1/2-1/2"]
[WhiteElo "2230"]
[BlackElo "2217"]
[PlyCount "37"]
[EventDate "2021.02.07"]
[SourceVersionDate "2023.10.23"]

1. d4 e6 2. c4 Bb4+ 3. Bd2 Bxd2+ 4. Qxd2 Nf6 5. Nc3 d5 6. Nf3 O-O 7. e3 Qe7 8.
Bd3 Nbd7 9. O-O c6 10. e4 dxe4 11. Nxe4 Nxe4 12. Bxe4 Nf6 13. Bc2 Rd8 14. Qe3
b6 15. Rad1 Bb7 16. Rfe1 h6 17. h3 Rac8 18. a3 Qc7 19. Ne5 1/2-1/2

[Event "Elit(LASK-Wasa)"]
[Site "?"]
[Date "2023.10.14"]
[Round "2"]
[White "Nord, Alexander"]
[Black "Cramling, Dan"]
[Result "1/2-1/2"]
[WhiteElo "2201"]
[BlackElo "2298"]
[PlyCount "105"]
[EventDate "2021.02.07"]
[SourceVersionDate "2023.10.27"]

1. d4 g6 2. e4 d6 3. Nc3 Bg7 4. Be3 a6 5. Qd2 Nd7 6. f3 b5 7. h4 h6 8. Nge2 h5
9. Nd1 Ngf6 10. Nf2 Bb7 11. g3 c5 12. c3 Qa5 13. Bh3 e6 14. O-O O-O 15. Bg2
Rac8 16. Rfc1 Rfd8 17. Bg5 cxd4 18. cxd4 Qxd2 19. Bxd2 Nb8 20. Be3 Nc6 21. Nd3
Nd7 22. Kf2 a5 23. b3 Ba6 24. Ke1 b4 25. Kd2 Nb6 26. Bh3 Bxd3 27. Kxd3 Ne5+ 28.
Kd2 Nxf3+ 29. Kd1 d5 30. e5 Nh2 31. Bg5 Rxc1+ 32. Rxc1 Rb8 33. Rc5 a4 34. Rb5
axb3 35. axb3 Bf8 36. Bd2 Nd7 37. Ra5 Rb7 38. Nf4 Kg7 39. Ke2 Nb8 40. Ra8 Be7
41. Be3 Nc6 42. Ra6 Nb8 43. Ra8 Rb5 44. Nd3 Nc6 45. Ra6 Nd8 46. Bg1 Ng4 47.
Bxg4 hxg4 48. Be3 Rb7 49. Bd2 Kf8 50. Nf2 Ke8 51. Nxg4 Kd7 52. Kd3 Nc6 53. Ra8
1/2-1/2